| 000 | 00523nam a22001817a 4500 | ||
|---|---|---|---|
| 003 | OSt | ||
| 005 | 20240709115616.0 | ||
| 008 | 240709b |||||||| |||| 00| 0 eng d | ||
| 020 | _a0333747747 | ||
| 040 | _cMUST | ||
| 082 | _a330.12 BEE 1999 | ||
| 100 |
_aBeeson, Mark _918545 |
||
| 245 |
_acompeting capitalisms: _baustralia, Japan and economic competition in Asia Pacific/ _cMark Beeson |
||
| 300 |
_axii,232p. _bill. , _c24cm |
||
| 504 | _abibliography and index included | ||
| 650 | _2economics | ||
| 942 |
_2ddc _cO_SHELF |
||
| 999 |
_c9110 _d9110 |
||